000 nam a22 7a 4500
999 _c8411
_d8411
008 180116b ||||| |||| 00| 0 eng d
100 _94815
_aSOUZA.E.D ET AL
245 _aENGLISH WORK BOOK HONEY SUCKLE -6
260 _aNEW DELHI
_bMEERAT ARIHAND
_c2015